| 000 | 00000nam 2200000zi 4500 |
| 001 | 9.933200 |
| 003 | CaOODSP |
| 005 | 20240328105526 |
| 006 | m o d f |
| 007 | cr mn||||||||| |
| 008 | 240131t20242024quca ob f000 0 eng d |
| 020 | |a9780660699349 |
| 040 | |aCaOODSP|beng|erda|cCaOODSP |
| 043 | |an-cn--- |
| 086 | 1 |aEn4-76/2024E-PDF |
| 110 | 1 |aCanada. |bEnvironment and Climate Change Canada, |eauthor, |eissuing body. |
| 245 | 10|aEnvironment and Climate Change Canada : |bscience strategy 2024 to 2029 : forward-looking science for the environmental challenges of today and the future. |
| 264 | 1|aGatineau Quebec : |bEnvironment and Climate Change Canada = Environnement et changement climatique Canada, |c[2024] |
| 264 | 4|c©2024 |
| 300 | |a1 online resource (iv, 42 pages) : |bcolour illustrations |
| 336 | |atext|btxt|2rdacontent |
| 337 | |acomputer|bc|2rdamedia |
| 338 | |aonline resource|bcr|2rdacarrier |
| 500 | |aIssued also in French under title: Environnement et changement climatique Canada : stratégie pour les sciences 2024 à 2029 : une science tournée vers l'avenir pour relever les défis environnementaux d'aujourd'hui et de demain. |
| 500 | |a"EC23198"--Verso of cover. |
| 504 | |aIncludes bibliographical references (pages 34-36). |
| 610 | 10|aCanada. |bEnvironment and Climate Change Canada|xPlanning. |
| 650 | 0|aEnvironmental sciences|zCanada. |
| 650 | 0|aEnvironmental protection|xResearch|zCanada. |
| 775 | 08|tEnvironnement et changement climatique Canada : |w(CaOODSP)9.933201 |
| 856 | 40|qPDF|s4.12 MB|uhttps://publications.gc.ca/collections/collection_2024/eccc/en4/En4-76-2024-eng.pdf |
| 986 | |aEC23198 |